000 00500nam a2200145Ia 4500
003 OSt
005 20260121110908.0
008 211028s2014 xx 000 0 und d
040 _cAIMIT LIBRARY
041 _aeng
100 _aD Souza, Suman Maria; Amin, Venkatesh S.
_g1216142
_97252
245 _aStudy on employee satisfaction to overcome high employee turnover faced by Mangalore chemicals and fertilizers limited Mangalore /
260 _aMangalore
_bVenkatesh S Amin
_c2014
942 _2ddc
_cPRO
999 _c218822
_d218822